MDQL
is popping MORE tags! Check the
thread
!
Quizzes
Events
Quiz Creation
Community
Videos
Private Events
Remove Ads
Sign In
Join for FREE
Feedback
Dark Mode
Quiz Categories
Sports
Geography
Music
Movies
Television
Just For Fun
Miscellaneous
History
Literature
Language
Science
Gaming
Entertainment
Religion
Holiday
For Kids
Quiz Lab
Recent
Popular Today
Quiz Kudos Today
Editor Picks
Curator Picks
Quizzes by...
Day
Popularity
Type
Ratings
Length
Year
Community
Subscriptions
Recent Discussions
Orange Saloon
Badges
Playlists
Quests
Create
Leaderboards
Showdown
Live 5
Trivia Bingo
Activity
Puzzle Library
Sporcle Events
Private Events
Virtual Trivia
Globe League
Become a Host
Pub Owners
SporcleCon
Opinionation
Our Games
Videos
Blog
Mobile Apps
Partnerships
Remove Ads and Go Orange
Feedback
Gaming
Video Games
Board Games
Card Games
Pokémon
Mario
Nintendo
Minecraft
Console
Toys
Legend of Zelda
Gaming
Video Games
Board Games
Card Games
Pokémon
Mario
Nintendo
Minecraft
Console
Toys
Legend of Zelda
Random Quiz
Search Sporcle
×
Quiz Lab
Quiz Lab
Gaming
champ
Type in answers that appear in a list
Type in answers that appear in a list
Classic
Best Score? Go Orange.
Os 123 champs a partir de suas passivas? Stats
Os 123 champs a partir de suas passivas?
By
ivansantana73
15m
123 Questions
15 Plays
15 Plays
15 Plays
Comments
Comments
Give Quiz Kudos
Give Quiz Kudos
-
- Ratings
hide this ad
Forced Order
Answers have to be entered in order
Answers have to be entered in order
Random Order
Randomize order of answers
Randomize order of answers
Replay
Link that replays current quiz
Next Quiz
Link to next quiz in quiz playlist
You Got
0%
They Got
Avg Score
42%
Avg Friend Score
Upgrade to see
Score Distribution
Jump to the score distribution portion of the page
Score
0/123
Timer
15:00
0
Plays Today
Hint
Answer
% Correct
League of Draven
Draven
86.7%
Luz do Sol
Leona
73.3%
Pix, a fada companheira
Lulu
73.3%
Maré Oscilante
Nami
73.3%
Âncora Impactante
Nautilus
73.3%
Meio-
Dragão
Shyvana
73.3%
Legado de Shurima
Azir
66.7%
Aspecto da Serpente
Cassiopeia
66.7%
Ninhada de Aranhas
Elise
66.7%
Bem na Mira
Caitlyn
60%
Espada de Prata Lunar
Diana
60%
Duelista
Fiora
60%
Anime-
se!
Jinx
60%
Escudo de Granito
Malphite
60%
Iron Man
Mordekaiser
60%
Camuflagem
Teemo
60%
Pavio Curto
Ziggs
60%
Brisa de Impulso
Janna
53.3%
Ameaça Invisivel
Kha'zix
53.3%
Glacinata
Lissandra
53.3%
Disparo Iluminado
Lucian
53.3%
Iluminação
Lux
53.3%
Ataque Duplo
Master Yi
53.3%
Desfilando
Miss Fortune
53.3%
Casco Espetado
Rammus
53.3%
Ferroada Cristalizante
Skarner
53.3%
Power Chord
Sona
53.3%
Tiro Certeiro
Tristana
53.3%
Caçadora Noturna
Vayne
53.3%
Desconstrução Organica
Vel'koz
53.3%
Desafio
Xin Zhao
53.3%
Divisão Celular
Zac
53.3%
Fúria dos Xer'Sai
Rek'sai
53.3%
Golpes Concussivos
Braum
46.7%
Poço de Sangue
Aatrox
46.7%
Renascimento
Anivia
46.7%
Piromania
Annie
46.7%
Carnívoro
Cho'gath
46.7%
Hemorragia
Darius
46.7%
Injetar Adrenalina
Dr Mundo
46.7%
Perseverança
Garen
46.7%
Hint
Answer
% Correct
Fervor Ioniano
Irelia
46.7%
Imagem Espelho
Le Blanc
46.7%
Invocar Voidling
Malzahar
46.7%
Seiva Mágica
Maokai
46.7%
Fúria Berserker
Olaf
46.7%
Rapina
Quinn
46.7%
Predador Oculto
Rengar
46.7%
Agilidade do Macaco
Udyr
46.7%
Evolução Gloriosa
Viktor
46.7%
Oscilação de Mana
Xerath
46.7%
Desprezo pelos Fracos
Zed
46.7%
Aprendizagem Elevada
Zilean
46.7%
Ascensão dos Espinhos
Zyra
46.7%
Atropelar
Alistar
40%
Toque Amaldiçoado
Amumu
40%
Barreira de Mana
Blitzcrank
40%
Labareda
Brand
40%
Passos Sombrios
Evelynn
40%
Pavor
Fiddlesticks
40%
Lutador Ligeiro
Fizz
40%
Bots Tecnotúrgicos de Reparação
Heimerdinger
40%
Pedra do Vazio
Kassadin
40%
Supresa Icathiana
Kog'maw
40%
Dando Corda
Orianna
40%
Proteção de Égide
Pantheon
40%
Lâmina Rúnica
Riven
40%
Titã do Ferro Velho
Rumble
40%
Apunhalar
Shaco
40%
Golpe de Ki
Shen
40%
In Gloria Mori
Sion
40%
Salvação
Soraka
40%
Renovação Pútrida
Swain
40%
Tributo do Rei
Trundle
40%
Dados Viciados
Twisted Fate
40%
Veneno Mortal
Twitch
40%
Estilo do Errante
Yasuo
40%
Furto de Essencia
Ahri
33.3%
Disciplinas Gemeas
Akali
33.3%
Feitiço do Poder Crescente
Ezreal
33.3%
Pele Rúnica
Galio
33.3%
Lamina Embebida com Grogue
Gangplank
33.3%
Hint
Answer
% Correct
Fúria Genética
Gnar
33.3%
Happy Hour
Gragas
33.3%
Bravura Indômita
Graves
33.3%
Caminho da Guerra
Hecarim
33.3%
Cadência Marcial
Jarvan IV
33.3%
Investida Implacável
Jax
33.3%
Aprumo Marcial
Kalista
33.3%
Desafio da Morte
Karthus
33.3%
Fervor Sagrado
Kayle
33.3%
Agitação
Lee Sin
33.3%
Sifão de Alma
Morgana
33.3%
Domínio da Ira
Renekton
33.3%
Maestria Arcana
Ryze
33.3%
Bastião do Poder
Singed
33.3%
Transcender
Syndra
33.3%
Piedade
Talon
33.3%
Joalheiro
Taric
33.3%
Condenação
Thresh
33.3%
Fúria da Batalha
Tryndamere
33.3%
Blindagem
Vi
33.3%
O Escolhido da Tormenta
Volibear
33.3%
Pele de Pedra
Wukong
33.3%
Pacto Profano
Yorick
33.3%
Concentração
Ashe
26.7%
Cápsulas de Fragmentação Hextec
Corki
26.7%
Capacitor Hextec
Jayce
26.7%
Voracidade
Katarina
26.7%
Marca da Tormenta
Kennen
26.7%
Devorador de Almas
Nasus
26.7%
Lâminas Sombrias
Nocturne
26.7%
Visionário
Nunu
26.7%
Lutadora Valente
Poppy
26.7%
Congelar
Sejuani
26.7%
Pés Ligeiros
Sivir
26.7%
Aumentador de Raios Tocado por Zaun
Urgot
26.7%
Vingança Viva
Varus
26.7%
Equilibrio
Veigar
26.7%
Pacto Vermelho
Vladimir
26.7%
Sede Eterna
Warwick
26.7%
Ímpeto Ardente
Karma
20%
Espreitar
Nidalee
20%
Quiz Playlist
Details
Report
Send in Message
Add To Playlist
Classic:
Type in answers that appear in a list
Forced Order:
Answers have to be entered in order
Random Order:
Randomize order of answers
Last Updated: Feb 16, 2017
Quiz Scoreboard
CHALLENGE
Sign Up to Join the Scoreboard
Show All
Scores
Hide
Comments
May contain spoilers
Recently Published
Holiday 10x10 Sorting Gallery
by lukepisani3
Holiday
15m
Two Season TV Shows II
by 123Four
Television
10m
Image Sorting: Flags VI
by Barbecue
Geography
2m
More to Explore
Quiz From the Vault
Featured Blog Post
14 Easter Pick-up Lines to Find Eggs With
hide this ad
You Might Also Like...
Tags
champ
Today's Top Quizzes in Gaming
Browse Gaming
hide this ad
Today's Top Quizzes in champ
Browse champ
Top Contributed Quizzes in Gaming
1
League of Legends Pro Players by Career/Team History
2
Genshin Impact Logic Puzzle
3
Destiny 2 exotic weapons by perk icons
4
Genshin murder mystery
5
4x4 Decades: Video Games
6
Genshin Impact Logic Puzzle Quiz
7
Ultimate Genshin Impact Logic Puzzle (up to 4.3)
8
Dead By Daylight Logic Puzzle
9
Who's on the WWE 2K24 Cover?
10
Overwatch Logic Puzzle
Explore More
Trending Topics
Disney
NBA
Kpop
Crossword
Anime
Harry Potter
Marvel
The Office
Pokémon
WWE
Song
NFL
Country
Puzzle
Soccer
hide this ad
More By:
ivansantana73
Quiz
Plays
Rating
Category
Featured
Created
Os 123 champs a partir de suas passivas?
15
Gaming
Dec 3, 2014
Go to Creator's Profile
Score Distribution
Quiz Creator Spotlight
ivansantana73
Follow
Send a Message
Quizzes Created
-
Created Quiz Play Count
-
More By This Creator
Popular Quizzes Today
1
Find the US States - No Outlines Minefield
2
Colored Red Africa Blitz
3
Find the 'City' Movie
4
The Countries of the World
5
5x2 Blitz: Bands
6
Find the Countries of Europe - No Outlines Minefield
7
Find the US States
8
US States
More Gaming Quizzes
Find the National Toy Hall of Fame Inductee
Editor's Pick
Trending Quizzes
Colored Red Europe Blitz I
Colored Red Africa Blitz II
Colored Red Europe Blitz II
Even More Two Season TV Shows
Colored Red Africa Blitz III
Recently Updated
Odd Team Out - Big 4 Players
pecheneg
Quick Pick: 20 Twenties
pecheneg
March Madness Men's Triple Doubles
pecheneg
How Do You Spell That?
pecheneg
Godzilla Movies
pecheneg
Grab Bag: 4-10 Letters
pecheneg
2024 March Madness Bracket
pecheneg
Famous TV Couples
Peacemaker
Champions League XIs: Real Madrid
pecheneg
Largest US Cities 1790-2010
pecheneg
Trending Topics
Harry Potter
Disney
Kpop
Anime
NBA
Marvel
Crossword
Soccer
Pokémon
The Office
WWE
Puzzle
Song
Country
NFL
Your Account Isn't Verified!
In order to create a playlist on Sporcle, you need to verify the email address you used during registration. Go to your
Sporcle Settings
to finish the process.
Report this User
Report this user for behavior that violates our
Community Guidelines
.
Details:
Send Report
Go to the Sporcle.com Mobile Site →
Comments